000 00263nam a22001217a 4500
082 _a001
_bMTG/T
100 _aMTG BOOKS
245 _aCBSE - PMT CHEMISTRY
260 _aDELHI
_bMTG BOOKS
_c2008
300 _a23
650 _aCHEMISTRY REFERENCE
_zINDIA
942 _cBK
999 _c1489
_d1489